Fúzia akciových spoločností do európskej spoločnosti

Charakteristika európskej spoločnosti. Legislatíva pre založenie európskej spoločnosti. Spôsoby založenia európskej spoločnosti. Fúzia akciových spoločností do európskej spoločnosti.

Uložené v:
Podrobná bibliografia
Hlavný autor: Ondrušová, Lucia, 1981-
Médium: Kapitola
Jazyk:Slovak
Predmet:
Tagy: Pridať tag
Žiadne tagy, Buďte prvý, kto otaguje tento záznam!

MARC

LEADER 00000nla$a2200000$$$4500
001 0145671
005 20240502072628.4
041 0 |a slo 
044 |a SK 
245 1 0 |a Fúzia akciových spoločností do európskej spoločnosti  |c Lucia Ondrušová 
520 |a Charakteristika európskej spoločnosti. Legislatíva pre založenie európskej spoločnosti. Spôsoby založenia európskej spoločnosti. Fúzia akciových spoločností do európskej spoločnosti. 
610 2 0 |a spoločnosti akciové 
610 2 0 |a spoločnosti holdingové 
610 2 0 |a spoločnosti dcérske 
610 2 0 |a fúzie 
610 2 0 |a legislatíva 
610 2 0 |a spolupráca medzinárodná 
610 2 0 |a Európska únia 
100 1 |a Ondrušová, Lucia, 1981-